| 000 | 00535nam a2200181Ia 4500 | ||
|---|---|---|---|
| 005 | 20250508151643.0 | ||
| 008 | 008 250505s9999 xx 000 0 eng d | ||
| 037 | _aTextual | ||
| 040 |
_aFEDL _beng _cFEDL |
||
| 041 |
_aeng _2eng |
||
| 084 |
_a573.3, COO _qFEDL |
||
| 100 |
_aCoon Carleton S _9152005 |
||
| 245 | 0 | _aHistory of man from the first human to primitive culture and beyond | |
| 260 |
_aLondon, UK _bJonathan Cape _c1955 |
||
| 300 | _axxii,437p. | ||
| 942 |
_cTEXL _h573.3, COO |
||
| 999 |
_c1331175 _d1331175 |
||